Psicopatología de Bolívar

Gardado en:
Detalles Bibliográficos
Autor Principal: Carbonell, Diego (Author)
Formato: Libro
Idioma:Lingua castelá
Publicado: París Librería Franco Española 1916
Edición:1a. ed
Subjects:
Tags: Engadir etiqueta
Sen Etiquetas, Sexa o primeiro en etiquetar este rexistro!

MARC

LEADER 00000nam a2200000 a 4500
001 UCZ9459
003 CL-VaPUC
008 960308e19160507FR |||||||||||||||||spa|d
082 0 4 |a 923.5  |b CAR  |2 21 
100 0 |a Carbonell, Diego  |e author  |9 354436 
245 1 0 |a Psicopatología de Bolívar 
250 |a 1a. ed 
300 |a 219 p 
942 |c BK 
945 |d 19960308 00:00:00  |a mcarcey 
260 |a París  |b Librería Franco Española  |c 1916 
600 0 |a Bolívar, Simón   |d 1783-1830  |9 265422 
650 0 |a Biografías  |9 255210 
650 0 |a Psicopatología   |9 307473 
650 7 |a PERTURBACIONES MENTALES  |2 CL-VaPUC  |9 354437 
651 0 |a Venezuela  |9 254993 
583 |a last modification  |c 19960308 00:00:00  |k Rodrigo Vera 
999 |c 244766  |d 244764 
952 |0 0  |1 0  |4 0  |6 923_500000000000000_CAR_1916  |7 0  |8 X  |9 258950  |a BIBHIS  |b BIBHIS  |d 2019-11-19  |i 3150372  |o 923.5 CAR 1916  |p 3150372  |r 2024-01-30  |w 2019-11-19  |y BK_X  |k HIS 
952 |0 0  |1 0  |4 0  |6 923_500000000000000_CAR_1916  |7 0  |8 X  |9 258951  |a FDOBUD  |b FDOBUD  |d 2019-11-19  |i 1051008  |o 923.5 CAR 1916  |p 1051008  |r 2019-11-19  |w 2019-11-19  |y BK_X  |k BUD